|
|
|
|
| LEADER |
01529nam a22003017a 4500 |
| 001 |
44636 |
| 003 |
BD-DhAAL |
| 005 |
20250826122724.0 |
| 008 |
250826t2007 enka 011 engg |
| 020 |
|
|
|a 9780553818147
|
| 040 |
|
|
|a BD-DhAAL
|c BD-DhAAL
|
| 082 |
|
|
|a 955.0542092
|2 23
|
| 100 |
|
|
|a Sasson, Jean P.,
|e author.
|9 59167
|
| 245 |
|
|
|a Love in a torn land :
|b one woman's daring escape from Saddam's poison gas attacks on the Kurdish people of Iraq /
|c Jean Sasson.
|
| 260 |
|
|
|a London :
|b Bantam Books,
|c 2007.
|
| 300 |
|
|
|a 431 page :
|b illustrations ;
|c 18 cm
|
| 505 |
|
|
|a I. Childhood -- II. Joanna grows up -- III. Love and tragedy in Kurdistan.
|
| 541 |
|
|
|a Donated by Farhana Zahir, Assistant Professor, BRAC Business School, BRAC University
|e 44636
|
| 600 |
|
|
|a Hussain, Joanna Al-Askari.
|9 59168
|
| 650 |
|
|
|a Women
|z Iraq
|v Biography.
|9 59169
|
| 650 |
|
|
|a Iran-Iraq War, 1980-1988
|x Kurds
|z Iraq.
|9 59170
|
| 650 |
|
|
|a Iran-Iraq War, 1980-1988
|x Atrocities
|z Iraq.
|9 59171
|
| 650 |
|
|
|a Iran-Iraq War, 1980-1988
|v Personal narratives, Iraqi.
|9 59172
|
| 655 |
|
|
|a Biographies.
|
| 852 |
|
|
|a Ayesha Abed Library
|c General Stacks
|
| 942 |
|
|
|2 ddc
|c BK
|
| 999 |
|
|
|c 47413
|d 47413
|
| 952 |
|
|
|0 0
|1 0
|2 ddc
|4 0
|6 955_054209200000000_SAS
|7 0
|9 78046
|a BRACUL
|b BRACUL
|c GEN
|d 2025-08-26
|e Donated by Farhana Zahir, Assistant Professor, BRAC Business School, BRAC University
|l 3
|m 7
|o 955.0542092 SAS
|p 3010044636
|r 2026-04-27
|s 2026-04-21
|t 1
|w 2025-08-26
|y BK
|x Donated by Farhana Zahir, Assistant Professor, BRAC Business School, BRAC University ; £7.99
|